| 000 | 00560nam a2200169 a 4500 | ||
|---|---|---|---|
| 001 | BRCA_1262 | ||
| 005 | 20190320203343.0 | ||
| 008 | 071105s1997----mx-#---###---#000-0#spa-d | ||
| 020 | _a968679509X | ||
| 050 | 4 |
_aBX1427 _b.S63 1997 |
|
| 245 | 1 | 0 |
_aSociedad de Historia Eclesiástica Mexicana _bmemoria 1995-1997 _cselec. y prol. Luis Avila Blancas. |
| 260 |
_aMéxico _bTextos dispersos _c1997 |
||
| 300 |
_a164 p. _c23 cm. |
||
| 650 | 1 | 4 |
_aArte cristiano y simbolismo _vConferencias _xHistoria _zMéxico _94158 |
| 700 | 1 |
_aAvila Blancas, Luis _94075 |
|
| 942 |
_2lcc _cB |
||
| 999 |
_c1131 _d1131 |
||